[Event "Karpos Open 2013"]
[Site "Skopje MKD"]
[Date "2013.03.14"]
[Round "7.22"]
[White "Solodovnichenko, Yuri"]
[Black "Codenotti, Marco"]
[Result "1-0"]
[WhiteTitle "GM"]
[BlackTitle "FM"]
[WhiteElo "2559"]
[BlackElo "2402"]
[WhiteFideId "14104369"]
[BlackFideId "800015"]
[EventDate "2013.03.09"]

1. e4 c5 2. Nf3 d6 3. d4 cxd4 4. Nxd4 Nf6 5. Nc3 a6 6. Be3 e5 7. Nb3 Be6 8. f3
Nbd7 9. g4 b5 10. g5 Nh5 11. Qd2 Nb6 12. Nd5 Bxd5 13. exd5 Rc8 14. Na5 Qc7 15.
Bh3 Ra8 16. Bg4 Nf4 17. Bxf4 exf4 18. O-O-O Be7 19. Rhe1 Nc4 20. Nxc4 Qxc4 21.
Re4 1-0

[Event "Karpos Open 2013"]
[Site "Skopje MKD"]
[Date "2013.03.14"]
[Round "7.24"]
[White "Goryachkina, Aleksandra"]
[Black "Saric, Ante"]
[Result "1/2-1/2"]
[WhiteTitle "WGM"]
[BlackTitle "GM"]
[WhiteElo "2386"]
[BlackElo "2549"]
[WhiteFideId "4147103"]
[BlackFideId "14506254"]
[EventDate "2013.03.09"]

1. d4 Nf6 2. c4 e6 3. g3 d5 4. Bg2 c5 5. cxd5 cxd4 6. Qa4+ Bd7 7. Qxd4 exd5 8.
Nf3 Nc6 9. Qd1 Bc5 10. O-O d4 11. Bg5 h6 12. Bxf6 Qxf6 13. Nbd2 O-O 14. Ne4 Qe7
15. Nxc5 Qxc5 16. e3 Bg4 17. exd4 Qb6 18. Qb3 Qxb3 19. axb3 Rfd8 20. Ne5 Rxd4
21. Nxg4 Rxg4 22. Bxc6 bxc6 23. Rfc1 Rb4 1/2-1/2

[Event "Karpos Open 2013"]
[Site "Skopje MKD"]
[Date "2013.03.14"]
[Round "7.25"]
[White "Stefanova, Antoaneta"]
[Black "Ali Marandi, Cemil Can"]
[Result "1-0"]
[WhiteTitle "GM"]
[BlackTitle "FM"]
[WhiteElo "2530"]
[BlackElo "2371"]
[WhiteFideId "2902257"]
[BlackFideId "6300529"]
[EventDate "2013.03.09"]

1. d4 d5 2. c4 c6 3. cxd5 cxd5 4. Nc3 Nc6 5. Bf4 e5 6. dxe5 d4 7. Ne4 Qa5+ 8.
Nd2 Nge7 9. Nf3 Nd5 10. g3 h6 11. h4 Qb6 12. Nc4 Qb4+ 13. Nfd2 Nxf4 14. gxf4 Be7
15. a3 Qb5 16. e4 O-O 17. Bd3 Na5 18. b4 Nxc4 19. Bxc4 Qe8 20. f5 Bd8 21. Nf3
Bc7 22. Qxd4 Kh7 23. Rd1 Bb6 24. Qd6 Bxf5 25. Ng5+ hxg5 26. exf5 g4 27. Qd5 f6
28. e6 Rd8 29. Qe4 Qa4 30. Qxg4 Rxd1+ 31. Qxd1 Qe8 32. Rg1 Qe7 33. Qh5+ Kg8 34.
Qh6 Rc8 35. Rxg7+ Qxg7 36. e7+ 1-0

[Event "Karpos Open 2013"]
[Site "Skopje MKD"]
[Date "2013.03.14"]
[Round "7.27"]
[White "Kadric, Denis"]
[Black "Erturan, Yakup"]
[Result "1-0"]
[WhiteTitle "IM"]
[BlackTitle "IM"]
[WhiteElo "2473"]
[BlackElo "2373"]
[WhiteFideId "14403803"]
[BlackFideId "6301410"]
[EventDate "2013.03.09"]

1. e4 c6 2. Nc3 d5 3. d3 dxe4 4. Nxe4 Bf5 5. Qe2 e6 6. g4 Bxe4 7. dxe4 e5 8. Bd2
Bc5 9. O-O-O Qb6 10. Nf3 Nd7 11. Bh3 O-O-O 12. g5 f6 13. Bc3 Ne7 14. Rd3 Ng6 15.
Qd2 Qc7 16. Rd1 Nf8 17. gxf6 gxf6 18. Qh6 Rg8 19. Qxf6 Rg6 20. Qf5 1-0

[Event "Karpos Open 2013"]
[Site "Skopje MKD"]
[Date "2013.03.14"]
[Round "7.28"]
[White "Baron, Tal"]
[Black "Goriatchkin, Jouri"]
[Result "1/2-1/2"]
[WhiteTitle "GM"]
[BlackTitle "FM"]
[WhiteElo "2465"]
[BlackElo "2302"]
[WhiteFideId "2809958"]
[BlackFideId "4120183"]
[EventDate "2013.03.09"]

1. e4 e6 2. d4 d5 3. Nc3 dxe4 4. Nxe4 Bd7 5. Nf3 Bc6 6. Bd3 Nd7 7. O-O Ngf6 8.
Ng3 Be7 9. c4 Bxf3 10. Qxf3 c6 11. b3 Qa5 12. Bc2 Ba3 13. Bf4 O-O 14. Rad1 Rfe8
15. Rfe1 e5 16. Bd2 Bb4 17. Bxb4 Qxb4 18. Rf1 exd4 19. Rxd4 Re1 20. Rd1 Rae8 21.
h3 Rxd1 22. Rxd1 Re1+ 23. Kh2 Rxd1 24. Qxd1 g6 25. Qd4 a5 26. Ne4 1/2-1/2

[Event "Karpos Open 2013"]
[Site "Skopje MKD"]
[Date "2013.03.14"]
[Round "7.29"]
[White "Vujic, Mihailo"]
[Black "Arnaudov, G. Petar"]
[Result "0-1"]
[WhiteTitle "FM"]
[BlackTitle "IM"]
[WhiteElo "2361"]
[BlackElo "2468"]
[WhiteFideId "918873"]
[BlackFideId "2907127"]
[EventDate "2013.03.09"]

1. e4 e5 2. Nf3 Nc6 3. d4 exd4 4. Nxd4 Bc5 5. Nxc6 bxc6 6. Bd3 d6 7. Qe2 Ne7 8.
Be3 Bxe3 9. Qxe3 O-O 10. O-O f5 11. exf5 Nxf5 12. Bxf5 Bxf5 13. Qc3 c5 14. Nd2
Qf6 15. Qxf6 Rxf6 16. c3 Re6 17. Rfe1 Rae8 18. Rxe6 Rxe6 19. Nf1 Re5 20. Ne3 Be6
21. Rd1 Re4 22. a3 d5 23. b4 d4 24. cxd4 cxd4 25. Nf1 Bb3 26. Rc1 Re2 27. Rxc7
d3 28. Rd7 Bc4 29. f3 Ra2 30. Rd4 Bb5 31. Rd5 a6 32. Rd4 Kf7 33. g3 Ke6 34. Re4+
Kd5 35. Ne3+ Kc6 36. Nf1 Ra1 37. Kf2 Rxf1+ 38. Ke3 Re1+ 39. Kd2 Rxe4 40. fxe4
Kd6 41. Ke3 Ke5 42. h3 g5 43. h4 gxh4 44. gxh4 h5 45. Kd2 Kxe4 0-1

[Event "Karpos Open 2013"]
[Site "Skopje MKD"]
[Date "2013.03.14"]
[Round "7.31"]
[White "Berkes, Ferenc"]
[Black "Cabarkapa, Novak"]
[Result "1/2-1/2"]
[WhiteTitle "GM"]
[BlackTitle "FM"]
[WhiteElo "2702"]
[BlackElo "2321"]
[WhiteFideId "718572"]
[BlackFideId "943746"]
[EventDate "2013.03.09"]

1. d4 Nf6 2. c4 g6 3. g3 Bg7 4. Bg2 d5 5. cxd5 Nxd5 6. e4 Nb6 7. Ne2 O-O 8. O-O
c5 9. d5 e6 10. Nbc3 Na6 11. Nf4 e5 12. Nh3 Nc4 13. f4 Nd6 14. fxe5 Bxe5 15. Bf4
Qe7 16. Ng5 f6 17. Bxe5 fxe5 18. Rxf8+ Kxf8 19. Qd2 Kg7 20. Rf1 h6 21. Ne6+ Bxe6
22. dxe6 Qxe6 23. Bh3 Qe7 24. Nd5 Qg5 25. Qf2 h5 26. Kh1 Rh8 27. Be6 h4 28. g4
b6 29. b3 Nb4 30. Qf3 1/2-1/2

[Event "Karpos Open 2013"]
[Site "Skopje MKD"]
[Date "2013.03.14"]
[Round "7.32"]
[White "Zozulia, Anna"]
[Black "Kuljasevic, Davorin"]
[Result "0-1"]
[WhiteTitle "IM"]
[BlackTitle "GM"]
[WhiteElo "2336"]
[BlackElo "2564"]
[WhiteFideId "14102110"]
[BlackFideId "14506661"]
[EventDate "2013.03.09"]

1. e4 e5 2. Nf3 Nc6 3. Bb5 a6 4. Ba4 Nf6 5. O-O Be7 6. Re1 b5 7. Bb3 d6 8. c3
O-O 9. h3 Na5 10. Bc2 c5 11. d4 Nd7 12. Nbd2 exd4 13. cxd4 Re8 14. Nf1 Bb7 15.
Ne3 cxd4 16. Nxd4 Bf8 17. Nef5 Ne5 18. Bd2 Nac4 19. Bc3 g6 20. Ne3 Bg7 21. Nxc4
Nxc4 22. a4 b4 23. Bxb4 Nxb2 24. Qd2 Nc4 25. Qd3 d5 26. Rab1 Rc8 27. exd5 Rxe1+
28. Bxe1 Ne5 29. Qe2 Qxd5 30. Nf3 Rxc2 31. Qxc2 Nxf3+ 32. gxf3 Qxf3 33. Rxb7
Qxb7 34. a5 Qd7 35. Qe2 Qc6 36. Qe3 h5 37. Kf1 Qc4+ 38. Kg1 Bd4 39. Qg5 Qc5 40.
Qf4 Qe5 41. Qd2 Qg3+ 0-1

[Event "Karpos Open 2013"]
[Site "Skopje MKD"]
[Date "2013.03.14"]
[Round "7.33"]
[White "Atakisi, Umut"]
[Black "Tratar, Marko"]
[Result "1/2-1/2"]
[WhiteTitle "IM"]
[BlackTitle "GM"]
[WhiteElo "2328"]
[BlackElo "2512"]
[WhiteFideId "6301037"]
[BlackFideId "14600684"]
[EventDate "2013.03.09"]

1. e4 e6 2. d4 d5 3. Nd2 c5 4. exd5 Qxd5 5. Ngf3 cxd4 6. Bc4 Qd7 7. O-O Nc6 8.
Nb3 Nf6 9. Nbxd4 Nxd4 10. Nxd4 a6 11. Re1 Bc5 12. Be3 Qc7 13. Bb3 O-O 14. Nf3
Bxe3 15. Rxe3 Rd8 16. Qe2 Bd7 17. Ne5 Bb5 18. Qf3 Nd5 19. Ree1 Nf6 20. Re3 Nd5
21. Ree1 Nf6 1/2-1/2

[Event "Karpos Open 2013"]
[Site "Skopje MKD"]
[Date "2013.03.14"]
[Round "7.34"]
[White "Csonka, Balazs"]
[Black "Indjic, Aleksandar"]
[Result "1/2-1/2"]
[WhiteTitle "FM"]
[BlackTitle "IM"]
[WhiteElo "2319"]
[BlackElo "2502"]
[WhiteFideId "742910"]
[BlackFideId "911925"]
[EventDate "2013.03.09"]

1. d4 Nf6 2. c4 c5 3. d5 e6 4. Nc3 exd5 5. cxd5 d6 6. Nf3 g6 7. Bf4 a6 8. a4 Bg7
9. h3 O-O 10. e3 Re8 11. Nd2 Nbd7 12. Be2 Ne5 13. O-O b6 14. Nc4 Nxc4 15. Bxc4
Nh5 16. Bh2 f5 17. Qc2 Ra7 18. Rab1 Rf7 19. Be2 Nf6 20. Rfc1 a5 21. Bb5 Ree7 22.
Bd3 Bb7 23. Rd1 Ne8 24. Ne2 Be5 25. Nf4 Nf6 26. Bc4 Qb8 27. Qb3 Bc8 28. Ne6
Bxh2+ 29. Kxh2 Rxe6 30. dxe6 d5+ 31. Kg1 Bxe6 32. Rxd5 Bxd5 33. Bxd5 Nxd5 34.
Qxd5 Qe8 35. Qd6 Qxa4 36. Qxb6 Qb4 37. Qd8+ Kg7 38. Qd6 a4 39. Qe5+ Kh6 40. Rc1
Rb7 41. Kh2 Qxb2 42. Qf4+ Kg7 43. Rxc5 a3 44. Rc7+ Rxc7 45. Qxc7+ Kh6 46. Qf4+
Kg7 47. Qc7+ Kh6 48. Qf4+ 1/2-1/2

[Event "Karpos Open 2013"]
[Site "Skopje MKD"]
[Date "2013.03.14"]
[Round "7.35"]
[White "Zupe, Miran"]
[Black "Drenchev, Petar"]
[Result "0-1"]
[WhiteTitle "IM"]
[BlackTitle "GM"]
[WhiteElo "2308"]
[BlackElo "2491"]
[WhiteFideId "14600277"]
[BlackFideId "2903261"]
[EventDate "2013.03.09"]

1. e4 c5 2. Nf3 Nc6 3. d4 cxd4 4. Nxd4 Nf6 5. Nc3 d6 6. g3 g6 7. Bg2 Nxd4 8.
Qxd4 Bg7 9. O-O O-O 10. a4 Be6 11. Qb4 Qc7 12. a5 Nd7 13. Be3 Ne5 14. Nd5 Qd7
15. Ra2 Rfc8 16. b3 Nc6 17. Qd2 Bh3 18. c4 Bxg2 19. Kxg2 f5 20. exf5 Qxf5 21. f3
e6 22. Nf4 Rd8 23. g4 Qf7 24. Rd1 Rd7 25. Nh3 d5 26. cxd5 exd5 27. Bf2 d4 28. a6
Rf8 29. Ng1 Ne5 30. Qe2 d3 31. Qe4 Qxb3 32. Rad2 bxa6 33. Bg3 Nf7 34. Rxd3 Qxd1
35. Rxd1 Rxd1 36. Bf2 Rd2 37. Ne2 Rc8 38. Be1 Rb2 39. Kg3 g5 40. f4 gxf4+ 41.
Nxf4 Be5 42. g5 Rbc2 43. Kg4 R2c4 0-1

[Event "Karpos Open 2013"]
[Site "Skopje MKD"]
[Date "2013.03.14"]
[Round "7.38"]
[White "Mladenovic, Stefan"]
[Black "Raznikov, Danny"]
[Result "0-1"]
[BlackTitle "IM"]
[WhiteElo "2292"]
[BlackElo "2474"]
[WhiteFideId "942227"]
[BlackFideId "2811154"]
[EventDate "2013.03.09"]

1. d4 d5 2. c4 c6 3. Nf3 Nf6 4. e3 Bg4 5. Qb3 Qb6 6. Nc3 e6 7. Nh4 Bh5 8. h3 g5
9. g4 gxh4 10. gxh5 Rg8 11. Qxb6 axb6 12. cxd5 exd5 13. Be2 b5 14. Bf3 Na6 15.
Bd2 Nc7 16. O-O-O b4 17. Ne2 Rxa2 18. Kb1 Ra8 19. Rdg1 Rxg1+ 20. Rxg1 Bd6 21.
Nc1 b6 22. Nd3 c5 23. e4 Nxe4 24. Bxe4 dxe4 25. Re1 f5 26. dxc5 bxc5 27. f3 Bg3
28. Re2 Ne6 29. fxe4 f4 30. Nxc5 Nxc5 31. Bxb4 Nd3 32. Bc3 f3 33. Re3 f2 34. Rf3
Ra7 0-1

[Event "Karpos Open 2013"]
[Site "Skopje MKD"]
[Date "2013.03.14"]
[Round "7.39"]
[White "Ratkovic, Milovan"]
[Black "Drazic, Sinisa"]
[Result "0-1"]
[BlackTitle "GM"]
[WhiteElo "2291"]
[BlackElo "2459"]
[WhiteFideId "914525"]
[BlackFideId "901172"]
[EventDate "2013.03.09"]

1. d4 c6 2. e4 d5 3. exd5 cxd5 4. Bd3 Nc6 5. c3 Nf6 6. Bf4 g6 7. Nd2 Bf5 8. Bxf5
gxf5 9. Ne2 e6 10. Ng3 h5 11. Qe2 Be7 12. Be5 Nxe5 13. dxe5 Ne4 14. Ndxe4 dxe4
15. Nxh5 Qd5 16. Rd1 Qxe5 17. g3 a6 18. h4 Bc5 19. f4 Qc7 20. Nf6+ Kf8 21. g4
Kg7 22. Nh5+ Rxh5 23. gxh5 Qxf4 24. b4 Ba7 25. c4 Qg3+ 26. Kf1 Kh6 27. c5 a5 28.
Rg1 Qf4+ 29. Ke1 axb4 30. Qb2 Qxh4+ 31. Kf1 Qf4+ 32. Ke1 e5 33. Rd6+ Kh7 34. Qb3
Rf8 35. Rd7 Qc1+ 36. Ke2 Qxg1 37. Rxf7+ Rxf7 38. Qxf7+ Qg7 39. Qxf5+ Kh6 40.
Qe6+ Kxh5 41. Qf5+ Kh4 0-1

[Event "Karpos Open 2013"]
[Site "Skopje MKD"]
[Date "2013.03.14"]
[Round "7.40"]
[White "Veleski, Robert"]
[Black "Perunovic, Miodrag"]
[Result "1/2-1/2"]
[WhiteTitle "FM"]
[BlackTitle "IM"]
[WhiteElo "2267"]
[BlackElo "2445"]
[WhiteFideId "15001008"]
[BlackFideId "919993"]
[EventDate "2013.03.09"]

1. e4 c5 2. Nf3 d6 3. c3 Nf6 4. Bd3 Bg4 5. h3 Bxf3 6. Qxf3 Nc6 7. O-O g6 8. Bc2
Bg7 9. d3 O-O 10. Nd2 b5 11. Qe2 b4 12. Nf3 Nd7 13. Bd2 Rb8 14. Ba4 bxc3 15.
bxc3 Qc7 16. Rab1 Rfc8 17. c4 Nde5 18. Nxe5 Nd4 19. Qg4 dxe5 20. Rfc1 h5 21. Qd1
Kh7 22. Rxb8 Rxb8 23. Rb1 Rd8 24. Qe1 Rd6 25. Kf1 Ra6 26. Qd1 Bh6 27. Bc3 Rd6
28. Be8 Kg7 29. Qa4 Qc8 30. Bxd4 Rxd4 31. Bb5 Rxd3 32. Rd1 Qd8 33. Bd7 Bd2 34.
Bb5 Bc3 35. Bd7 Bd2 36. Bb5 Qd6 37. Qc2 Rd4 38. Ke2 Bc3 39. Ba4 Rxd1 40. Qxd1
Bd4 41. Qd3 Qf6 42. Qf3 Qg5 43. Be8 f5 44. Qg3 Qf6 45. exf5 Qxf5 46. Ba4 Qe4+
47. Kd2 Qf5 48. Qf3 Qb1 49. Bc2 Qb4+ 50. Ke2 Qxc4+ 51. Qd3 Qf7 52. f3 c4 53. Qe4
Qf6 54. a4 Qg5 55. f4 Qf6 56. f5 Kh6 57. h4 Kg7 58. g3 Kh6 59. Qf3 g5 60. Qa8
gxh4 61. gxh4 Kg7 62. Qe8 Kh6 63. Qg8 a5 64. Be4 c3 65. Kd1 Bf2 66. Kc2 Bxh4 67.
Kxc3 Bg5 68. Qd8 h4 69. Qxa5 Qd6 70. Qd5 Qa3+ 71. Qb3 Qa1+ 72. Kb4 Qd4+ 73. Qc4
Bd2+ 74. Kb5 Qb2+ 75. Kc6 Kg5 76. Kd7 Bb4 77. Ke6 Qd2 78. Qd5 Qxd5+ 79. Kxd5 Kf4
80. Bh1 h3 81. Be4 h2 82. Bh1 Ba5 83. Be4 Bc3 84. Bh1 Ba1 85. Ke6 Bc3 86. Kd5
Ba5 87. Be4 Bb6 88. Bh1 Kxf5 89. Be4+ Kf4 90. Bh1 e4 91. Kc4 Ke3 92. Kc3 e5 93.
Kc2 Ba5 94. Bg2 Bc7 95. Bh1 Ba5 96. Bg2 Bc7 97. Bh1 Ba5 98. Bg2 Kd4 99. Kd1 Kd3
100. Bf1+ Kd4 101. Bg2 Ke3 102. Kc2 Kd4 103. Kd1 Kd3 104. Bf1+ Ke3 105. Bg2 Bb4
106. Kc2 Be1 107. Kd1 Bf2 108. a5 Kd3 109. Bf1+ Kd4 110. Bg2 e3 111. Ke2 Kc5
112. a6 Kb6 113. Bb7 Bg1 114. Kd3 Bf2 1/2-1/2

[Event "Karpos Open 2013"]
[Site "Skopje MKD"]
[Date "2013.03.14"]
[Round "7.41"]
[White "Bogdanovski, Vlatko"]
[Black "Hadzimanolis, Antonios"]
[Result "1-0"]
[WhiteTitle "GM"]
[BlackTitle "FM"]
[WhiteElo "2444"]
[BlackElo "2289"]
[WhiteFideId "15000206"]
[BlackFideId "4202813"]
[EventDate "2013.03.09"]

1. d4 Nf6 2. Nf3 d6 3. c4 Nbd7 4. Nc3 e5 5. e4 c6 6. Be2 Be7 7. O-O O-O 8. Be3
Ng4 9. Bd2 Re8 10. d5 c5 11. a3 Nf8 12. b4 b6 13. Ne1 Qd7 14. Nd3 g6 15. bxc5
bxc5 16. Rb1 h5 17. h3 Nf6 18. f4 exf4 19. Bxf4 Ba6 20. e5 N6h7 21. Nb5 Bxb5 22.
Rxb5 Bg5 23. Bh2 Be3+ 24. Kh1 Ng5 25. Qb3 Rac8 26. exd6 Bd4 27. Rb7 Qd8 28. Qd1
Nd7 29. Bxh5 Rb8 30. Rc7 gxh5 31. Qxh5 Rb3 32. Bf4 Qf6 33. Qxg5+ Qxg5 34. Bxg5
Rxd3 35. Rxd7 Rg3 36. Rd8 1-0

[Event "Karpos Open 2013"]
[Site "Skopje MKD"]
[Date "2013.03.14"]
[Round "7.42"]
[White "Battaglini, Gabriel"]
[Black "Djoric, Dusan"]
[Result "1-0"]
[WhiteTitle "IM"]
[BlackTitle "FM"]
[WhiteElo "2436"]
[BlackElo "2270"]
[WhiteFideId "621650"]
[BlackFideId "902136"]
[EventDate "2013.03.09"]

1. d4 Nf6 2. c4 e6 3. Nc3 Bb4 4. Qc2 c5 5. dxc5 Na6 6. a3 Qa5 7. Bd2 Nxc5 8. Rd1
Bxc3 9. Bxc3 Qa4 10. Qxa4 Nxa4 11. Be5 b6 12. Nf3 Ba6 13. e3 Rc8 14. Be2 d5 15.
cxd5 Bxe2 16. Kxe2 Nxd5 17. Rc1 O-O 18. e4 Nf6 19. b3 Nc5 20. Bxf6 gxf6 21. Nd2
Rfd8 22. Rhd1 Kf8 23. Rc3 Ke7 24. f3 Rc7 25. b4 Na6 26. Rdc1 Rxc3 27. Rxc3 Rg8
28. Kf2 Kd7 29. Nb3 Nc7 30. Nd4 a6 31. Rd3 Kc8 32. Nc6 Re8 33. a4 e5 34. b5 axb5
35. Na7+ Kb7 36. Nxb5 Nxb5 37. axb5 Kc7 38. Kg3 f5 39. Rc3+ Kb7 40. exf5 e4 41.
Kf4 exf3 42. Rxf3 Re2 43. Rh3 Ra2 44. Rxh7 Kc7 45. Rxf7+ Kd6 46. h4 Rf2+ 47. Kg3 1-0

[Event "Karpos Open 2013"]
[Site "Skopje MKD"]
[Date "2013.03.14"]
[Round "7.43"]
[White "Valsecchi, Alessio"]
[Black "Nikolaidis, Konstantinos"]
[Result "1-0"]
[WhiteTitle "IM"]
[BlackTitle "FM"]
[WhiteElo "2435"]
[BlackElo "2248"]
[WhiteFideId "818860"]
[BlackFideId "4200578"]
[EventDate "2013.03.09"]

1. Nf3 Nf6 2. c4 e6 3. g3 a6 4. Bg2 b5 5. Na3 bxc4 6. Nxc4 Be7 7. b3 O-O 8. Bb2
c5 9. O-O Bb7 10. Rc1 d5 11. Nce5 Nfd7 12. d4 Nxe5 13. Nxe5 f6 14. Nd3 cxd4 15.
Nf4 Qd6 16. Qxd4 Nc6 17. Qb6 Rab8 18. Rfd1 Nd8 19. Qa7 Ra8 20. Qe3 Rc8 21. Rxc8
Bxc8 22. Qc1 Qb8 23. e4 dxe4 24. Bxe4 Bb7 25. Bxb7 Qxb7 26. Qc4 Qb5 27. Qxb5
axb5 28. Rd7 Re8 29. Bc3 g5 30. Nh5 e5 31. Bb4 Nc6 32. Bxe7 Rxe7 33. Rxe7 Nxe7
34. Nxf6+ Kg7 35. Ne4 Kg6 36. a4 bxa4 37. bxa4 Kf5 38. f3 g4 39. Kf2 Nc6 40.
Nd6+ Ke6 41. Nc4 gxf3 42. Kxf3 Kd5 43. Ne3+ Kd4 44. Ng4 e4+ 45. Kf4 h5 46. Ne3
Kd3 47. Ng2 Nb4 48. a5 Nd5+ 49. Kg5 Ke2 50. a6 Kf3 51. Nf4 1-0

[Event "Karpos Open 2013"]
[Site "Skopje MKD"]
[Date "2013.03.14"]
[Round "7.45"]
[White "Ratkovic, Miloje"]
[Black "Haznedaroglu, Kivanc"]
[Result "1/2-1/2"]
[BlackTitle "GM"]
[WhiteElo "2249"]
[BlackElo "2428"]
[WhiteFideId "914517"]
[BlackFideId "6300634"]
[EventDate "2013.03.09"]

1. d4 d5 2. c4 c6 3. Nc3 dxc4 4. e3 b5 5. a4 b4 6. Na2 e6 7. Bxc4 Nf6 8. Nf3
Nbd7 9. O-O Be7 10. Bd2 a5 11. Nc1 O-O 12. Nb3 Bb7 13. Qe2 c5 14. Rfd1 Qb6 15.
Be1 Rac8 16. Bb5 cxd4 17. Nbxd4 Nc5 18. Nd2 Qa7 19. f3 Ne8 20. Nc4 Nc7 21. Bg3
Rfd8 22. Bc6 Nd5 23. Bxb7 Nxb7 24. Bf2 Bc5 25. Nb5 Qa6 26. Kh1 h6 27. Rac1 Qc6
28. g3 Nc7 29. Nxc7 Qxc7 30. Nd2 Qc6 31. Ne4 Rxd1+ 32. Qxd1 Rd8 33. Qf1 f5 34.
Nxc5 Qxf3+ 35. Qg2 Rd1+ 36. Bg1 Rxg1+ 37. Rxg1 Qxg2+ 38. Kxg2 Nxc5 39. Ra1 Kf7
40. Kf3 e5 41. Rc1 e4+ 42. Ke2 Nxa4 43. Rc7+ Kf6 44. b3 Nc3+ 45. Kd2 a4 46. bxa4
Nxa4 47. Rc4 Kg5 48. Rxb4 Nc5 49. Kc3 Kg4 50. Kd4 Ne6+ 51. Kd5 1/2-1/2

[Event "Karpos Open 2013"]
[Site "Skopje MKD"]
[Date "2013.03.14"]
[Round "7.47"]
[White "Ivanov, Stojan Emilov"]
[Black "Zlatanovic, Boroljub"]
[Result "1/2-1/2"]
[BlackTitle "FM"]
[WhiteElo "2238"]
[BlackElo "2412"]
[WhiteFideId "2903245"]
[BlackFideId "916390"]
[EventDate "2013.03.09"]

1. d4 g6 2. Nf3 Bg7 3. c4 d6 4. Nc3 e5 5. g3 Nc6 6. d5 Nce7 7. Bg2 f5 8. Ng5 Nf6
9. O-O O-O 10. e4 h6 11. Ne6 Bxe6 12. dxe6 c6 13. Qd3 Qc7 14. Bh3 Nxe4 15. Nxe4
fxe4 16. Qxe4 d5 17. Qc2 Qd6 18. Be3 d4 19. Bd2 Nf5 20. Rae1 d3 21. c5 Qxe6 22.
Qxd3 Rad8 23. Qc2 Qxa2 24. Bc3 Qc4 25. Qe4 Qxe4 26. Rxe4 Nd4 27. Ra1 Nf3+ 28.
Kg2 a6 29. Rb4 Rb8 30. Rd1 Nd4 31. f4 Nc2 32. Re4 exf4 33. Rd7 Bxc3 34. Ree7
Ne3+ 35. Kf3 Nf5 36. Bxf5 Rxf5 37. bxc3 fxg3+ 38. Kxg3 Rxc5 39. Rg7+ Kh8 1/2-1/2

[Event "Karpos Open 2013"]
[Site "Skopje MKD"]
[Date "2013.03.14"]
[Round "7.48"]
[White "Bogoevski, Jani"]
[Black "Dancevski, Orce"]
[Result "0-1"]
[WhiteTitle "FM"]
[BlackTitle "IM"]
[WhiteElo "2217"]
[BlackElo "2395"]
[WhiteFideId "15000435"]
[BlackFideId "15000311"]
[EventDate "2013.03.09"]

1. d4 Nf6 2. Nf3 e6 3. Bf4 c5 4. c3 b6 5. e3 Bb7 6. Nbd2 d6 7. Bd3 Be7 8. O-O
Nh5 9. Bg3 Nxg3 10. hxg3 Nd7 11. Be4 Bxe4 12. Nxe4 d5 13. Ned2 O-O 14. Re1 f5
15. c4 Nf6 16. Ne5 Bd6 17. Ndf3 Qe8 18. Rc1 Rd8 19. Qe2 Ng4 20. Nxg4 fxg4 21.
Nh2 h5 22. Rf1 Qg6 23. Rfd1 Qg5 24. Rc2 Rf7 25. Rdd2 Rdf8 26. Qd1 Rf5 27. Qe1 h4
28. f4 gxf3 29. gxh4 Qg6 30. g4 Bxh2+ 31. Rxh2 Qxg4+ 32. Kh1 f2 0-1

[Event "Karpos Open 2013"]
[Site "Skopje MKD"]
[Date "2013.03.14"]
[Round "7.50"]
[White "Dinev, Dejan"]
[Black "Steil-Antoni, Fiona"]
[Result "1/2-1/2"]
[WhiteTitle "FM"]
[BlackTitle "WIM"]
[WhiteElo "2357"]
[BlackElo "2152"]
[WhiteFideId "15000095"]
[BlackFideId "4001249"]
[EventDate "2013.03.09"]

1. e4 e5 2. Nf3 Nc6 3. Nc3 Nf6 4. d4 exd4 5. Nxd4 Bb4 6. Nxc6 bxc6 7. Bd3 d5 8.
exd5 cxd5 9. O-O O-O 10. Bg5 c6 11. Ne2 Bc5 12. Qd2 Be7 13. Rfe1 Ne4 14. Bxe7
Qxe7 15. Nd4 c5 16. Bxe4 dxe4 17. Nb3 Qe5 18. Qc3 Qxc3 19. bxc3 Bf5 20. Nxc5
Rfc8 21. Nxe4 Bxe4 22. Rxe4 Rxc3 23. Re2 Rb8 24. Kf1 g6 25. a4 Rb2 26. Rd1 Rb4
27. Ra1 Rb2 28. Rc1 Rb4 29. a5 Rb5 30. Ke1 Rxa5 31. Re8+ Kg7 32. Kd2 Rc7 33. c4
Ra2+ 34. Ke3 Kf6 35. Ke4 Ra6 36. h4 Re7+ 37. Rxe7 Kxe7 38. Kd4 Ra2 39. f3 Kd6
40. g4 Ra3 41. f4 Ra2 42. g5 Ra5 43. h5 Rf5 44. Ke4 a5 45. Ra1 Kc6 46. hxg6 hxg6
47. Ra2 Kc7 48. Ra1 Kc6 49. Ra2 Kc7 1/2-1/2

[Event "Karpos Open 2013"]
[Site "Skopje MKD"]
[Date "2013.03.14"]
[Round "7.51"]
[White "Schoorl, Rob"]
[Black "Yurtseven, Melih"]
[Result "0-1"]
[WhiteTitle "FM"]
[WhiteElo "2350"]
[BlackElo "2135"]
[WhiteFideId "1009508"]
[BlackFideId "6312160"]
[EventDate "2013.03.09"]

1. e4 c5 2. Nf3 d6 3. d4 cxd4 4. Nxd4 Nf6 5. Nc3 e6 6. g4 h6 7. h3 Nc6 8. Be3
Bd7 9. Bg2 Be7 10. f4 Qa5 11. Qd2 Nxd4 12. Bxd4 e5 13. Be3 Qa6 14. f5 Bc6 15.
O-O-O b5 16. Kb1 Qb7 17. Nd5 Bxd5 18. exd5 Rc8 19. Bf3 Rc4 20. b3 Ne4 21. Bxe4
Rxe4 22. Qd3 Rc4 23. Kc1 Rc7 24. h4 Bd8 25. g5 h5 26. g6 f6 27. Qe4 Rc8 28. Qb4
Ke7 29. a4 a6 30. Rd3 Bb6 31. Bd2 Rc5 32. Kb2 Rhc8 33. Rc1 a5 34. Qe4 bxa4 35.
Qxa4 Rc4 36. Qa2 Rxh4 37. Qb1 a4 38. Rh1 a3+ 39. Ka1 Rxh1 40. Qxh1 Rxc2 41. Qxh5
Bd4+ 42. Kb1 a2+ 43. Kxc2 a1=Q 44. Qh8 Qc7+ 45. Bc3 Qaxc3+ 46. Rxc3 Qxc3+ 47.
Kd1 Qxb3+ 48. Ke2 Qc2+ 0-1

[Event "Karpos Open 2013"]
[Site "Skopje MKD"]
[Date "2013.03.14"]
[Round "7.53"]
[White "Pancevski, Filip"]
[Black "Konstantinov, Aleksandar2"]
[Result "1-0"]
[WhiteTitle "IM"]
[WhiteElo "2515"]
[BlackElo "1796"]
[WhiteFideId "15002187"]
[BlackFideId "15000060"]
[EventDate "2013.03.09"]

1. e4 e6 2. d4 d5 3. Nc3 Nf6 4. Bg5 dxe4 5. Nxe4 Be7 6. Bxf6 gxf6 7. Qd2 f5 8.
Nc3 Bf6 9. O-O-O a6 10. g3 Nc6 11. Nf3 b5 12. Bg2 Rb8 13. Rhe1 b4 14. Na4 Qd5
15. Qh6 Be7 16. Kb1 Qa5 17. b3 Na7 18. Ne5 Bb7 19. Bxb7 Rxb7 20. Nxf7 1-0

[Event "Karpos Open 2013"]
[Site "Skopje MKD"]
[Date "2013.03.14"]
[Round "7.54"]
[White "Berescu, Alin-Mile"]
[Black "Stosevski, Ilija"]
[Result "1-0"]
[WhiteTitle "GM"]
[WhiteElo "2477"]
[BlackElo "2136"]
[WhiteFideId "1204920"]
[BlackFideId "15000761"]
[EventDate "2013.03.09"]

1. e4 b6 2. d4 Bb7 3. Nc3 e6 4. Be3 Bb4 5. f3 Nf6 6. a3 Be7 7. Qd2 d6 8. Nge2
Nbd7 9. g4 h6 10. O-O-O Nh7 11. Ng3 g5 12. Kb1 Nhf8 13. h4 Ng6 14. hxg5 hxg5 15.
Rxh8+ Nxh8 16. Qh2 Ng6 17. Qh6 a6 18. Nh5 Ndf8 19. Qg7 Nh4 20. Qg8 f6 21. Bc4
Kd7 22. Ng7 Kc8 23. Nxe6 Nxe6 24. Qxe6+ Kb8 25. Nd5 Bf8 26. Qxf6 Qxf6 27. Nxf6
Ka7 28. Rf1 Be7 29. Bxg5 Ng2 30. Rg1 Nf4 31. Bxf4 Bxf6 32. Be3 Re8 33. Bd3 1-0